000 00319nam a2200109Ia 4500
008 220120s9999||||xx |||||||||||||| ||und||
100 _aSawhney, A.K
_911764
245 0 _aElectrical and electronic instruments and measurementation
260 _aDhanpat rai publishing company
_c2004
300 _b0
650 _aMANAGEMENT
999 _c137120
_d137120